00337 a2200121 450000100060000010000180000624500290002426000200005309000170007394200220009099900190011295200840013119778 aMoore & Moore aMaterials of Engineering abMcGraw-Hillc c14403d14403 aNUST-CAEcMc4896 c254851d254851 001040708NFICaCAEbCAEd2017-04-03l0pCAE12900r2017-04-05w2017-04-05yBK